| 000 | 01104nam a22002537a 4500 | ||
|---|---|---|---|
| 003 | OSt | ||
| 005 | 20250905131140.0 | ||
| 008 | 240821b ||||| |||| 00| 0 eng d | ||
| 040 | _c0 | ||
| 082 | _aDPer 361.05 J826 January-April 2020 v. 67 n. 1-3 | ||
| 100 |
_aØstergård, Ole K. _eauthor. _958654 |
||
| 245 |
_aThe effect of implementing the partners for change outcome management system in a nationwide student counseling service / _cOle K. Østergård, Mia S. O'Toole, Majken M. Svendsen, and Esben Hougaard. |
||
| 260 |
_aWashington ; _bAmerican Psychological Association , _cJanuary 2020. |
||
| 300 |
_aVolume 67, pages 90-103 : _billustration ; _c28 cm. |
||
| 500 | _aJournal of Counseling Psychology, vol. 67, no.1, pages 90-103, January 2020. | ||
| 650 | 0 |
_aCounselors psychology trends. _965334 |
|
| 650 | 0 |
_aTreatment outcome. _965324 |
|
| 650 | 0 |
_aYoung adult. _965320 |
|
| 700 |
_aØstergård, Ole K. _eauthor. _958654 |
||
| 700 |
_aO'Toole, Mia S. _eauthor. _958655 |
||
| 700 |
_aSvendsen, Majken M. _eauthor. _958656 |
||
| 700 |
_aHougaard, Esben. _eauthor. _958657 |
||
| 942 |
_2ddc _cPER |
||
| 999 |
_c20770 _d20770 |
||